ការដាំល្ពៅ / (Record no. 1485)

MARC details
000 -LEADER
fixed length control field 01194nam a22002657a 4500
005 - DATE AND TIME OF LATEST TRANSACTION
control field 20240906144209.0
020 ## - INTERNATIONAL STANDARD BOOK NUMBER
International Standard Book Number 9789924340386
040 ## - CATALOGING SOURCE
Original cataloging agency FISKH
Language of cataloging eng
Transcribing agency FISKH
Modifying agency FISKH
082 ## - DEWEY DECIMAL CLASSIFICATION NUMBER
Classification number 635.62
100 ## - MAIN ENTRY--PERSONAL NAME
Personal name Sothi, Hok
245 ## - TITLE STATEMENT
Title ការដាំល្ពៅ /
260 ## - PUBLICATION, DISTRIBUTION, ETC.
Place of publication, distribution, etc. Phnom Penh :
Name of publisher, distributor, etc. Sipar,
Date of publication, distribution, etc. 2018.
300 ## - PHYSICAL DESCRIPTION
Extent Phnom Penh :
Other physical details Sipar,
Dimensions 2021.
490 ## - SERIES STATEMENT
Series statement បំណិនជីវិត
505 ## - FORMATTED CONTENTS NOTE
Formatted contents note Z'
520 ## - SUMMARY, ETC.
Summary, etc. បង្ហាញពីរបៀបរៀបចំរោង ការបណ្ដុះកូន រហូតដល់ការប្រមូលផល និងមានវិធីធ្វើម្ហូប សាមញ្ញៗពីក្ដឹបឪឡឹក សម្រាប់បរិភោគក្នុងគ្រួសារ។
520 ## - SUMMARY, ETC.
Summary, etc. Demonstrate how to prepare the house, grow small pumpkin until harvest and have simple recipes from pumpkin for family consumption.
521 ## - TARGET AUDIENCE NOTE
Target audience note 1120<br/><br/><br/>
Source Lexile estimate<br/>
521 ## - TARGET AUDIENCE NOTE
Target audience note Z'<br/>
Source Raz-Plus<br/>
650 ## - SUBJECT ADDED ENTRY--TOPICAL TERM
Topical term or geographic name entry element រោង
Form subdivision ប្រមូលផល
General subdivision ម្ហូប
650 ## - SUBJECT ADDED ENTRY--TOPICAL TERM
Topical term or geographic name entry element House
Form subdivision Harvest
General subdivision Food
700 ## - ADDED ENTRY--PERSONAL NAME
Personal name Sinat, Sin
Titles and other words associated with a name illustrator
942 ## - ADDED ENTRY ELEMENTS (KOHA)
Source of classification or shelving scheme Dewey Decimal Classification
Koha item type Books
Suppress in OPAC No
999 ## -
-- 1485
-- 1485
Holdings
Withdrawn status Lost status Source of classification or shelving scheme Damaged status Not for loan Collection Home library Current library Shelving location Date acquired Total Checkouts Full call number Barcode Date last seen Copy number Price effective from Koha item type
    Dewey Decimal Classification     Khmer Non-Fiction / សៀវភៅខ្មែរ រឿងពិត Footprints International School Library Network Toul Kork Campus Footprints International School Library Network Toul Kork Campus   08/28/2023   SOT 635.62 2023-0393 08/28/2023 1 08/28/2023 Books
    Dewey Decimal Classification     Khmer Non-Fiction / សៀវភៅខ្មែរ រឿងពិត Footprints International School Library Network Toul Kork Campus Footprints International School Library Network Toul Kork Campus   08/28/2023   SOT 635.62 2023-0394 08/28/2023 2 08/28/2023 Books